Statistiques concernant Les 100 plus gros Transferts de la Ligue 1 (Arrivées)

Cliquez ici pour prendre le quiz!

Statistiques générales

  • Ce quiz a été pris 13 319 fois
    (4 228 depuis la dernière actualisation)
  • Le résultat moyen est 42 sur 100

Statistiques - réponses

RangSaisonClub de DépartClub d'ArrivéeMontant de l'achatRéponse% Correct
218/19AS MonacoParis SG180 000 000 €Kylian Mbappé
99%
117/18FC BarceloneParis SG222 000 000 €Neymar
99%
413/14NaplesParis SG64 500 000 €Edison Cavani
88%
1212/13AC MilanParis SG42 000 000 €Thiago Silva
83%
923/24Bayern MunichParis SG45 000 000 €Lucas Hernandez
81%
321/22Inter MilanParis SG66 500 000 €Achraf Hakimi
80%
515/16Manchester UnitedParis SG63 000 000 €Angel Di Maria
79%
1422/23FC PortoParis SG41 500 000 €Vitinha
79%
2222/23SC BragaOlympique Marseille32 000 000 €Vitinha
79%
623/24Sporting CPParis SG60 000 000 €Manuel Ugarte
77%
814/15Chelsea FCParis SG49 500 000 €David Luiz
75%
1113/14Atlético MadridAS Monaco43 000 000 €Radamel Falcao
75%
9314/15SL BenficaAS Monaco15 750 000 €Bernardo Silva
72%
1311/12US PalermeParis SG42 000 000 €Javier Pastore
70%
1822/23Sporting CPParis SG38 000 000 €Nuno Mendes
70%
2016/17VFL WolfsburgParis SG36 000 000 €Julian Draxler
67%
5612/13AC MilanParis SG21 000 000 €Zlatan Ibrahimovic
67%
3116/17West Ham UnitedOlympique Marseille29 300 000 €Dimitri Payet
66%
1013/14FC PortoAS Monaco45 000 000 €James Rodriguez
64%
720/21Inter MilanParis SG50 000 000 €Mauro Icardi
64%
1519/20FC SévilleAS Monaco40 000 000 €Wissam Ben Yedder
64%
3520/21KAA GantLille OSC27 000 000 €Jonathan David
62%
5218/19Celtic GlasgowOlympique Lyonnais22 000 000 €Moussa Dembélé
62%
2413/14AS RomeParis SG31 400 000 €Marquinhos
61%
5119/20Lille OSCOlympique Lyonnais22 000 000 €Thiago Mendes
58%
1618/19Zenit St-PétersbourgParis SG40 000 000 €Leandro Paredes
56%
3012/13NapoliParis SG30 000 000 €Ezequiel Lavezzi
55%
2619/20FC EvertonParis SG30 000 000 €Idrissa Gueye
53%
4622/23SSC NaplesParis SG23 000 000 €Fabian Ruiz
52%
2718/19CSKA MoscouAS Monaco30 000 000 €Aleksandr Golovin
51%
5400/01Atlético ParanaenseStade Rennais FC21 300 000 €Lucas
51%
3222/23OGC NiceStade Rennais FC29 000 000 €Amine Gouiri
50%
6519/20Bayern MunichLille OSC20 000 000 €Renato Sanches
49%
10022/23Lille OSCParis SG15 000 000 €Renato Sanches
49%
7522/23FC ValenceParis SG18 000 000 €Carlos Soler
48%
9823/24FC NantesStade Rennais FC15 000 000 €Ludovic Blas
48%
4923/24RCD MallorcaParis SG22 000 000 €Kang-in Lee
47%
5310/11Girondins deBordeauxOlympique Lyonnais22 000 000 €Yoann Gourcuff
45%
6122/23Paris SGStade Rennais FC20 000 000 €Arnaud Kalimuendo
44%
1712/13FC Sao PauloParis SG40 000 000 €Lucas Moura
44%
4723/24FC LorientOGC Nice22 500 000 €Terem Moffi
44%
1918/19FC Schalke 04Paris SG37 000 000 €Thilo Kehrer
43%
6023/24FC LorientStade Rennais FC20 000 000 €Enzo Le Fée
42%
3620/21RSC AnderlechtStade Rennais FC26 000 000 €Jérémy Doku
42%
3719/20Angers SCOOlympique Lyonnais25 000 000 €Jeff Reine-Adélaïde
41%
3818/19AS RomeOlympique Marseille25 000 000 €Kevin Strootman
41%
9922/23FC LiverpoolAS Monaco15 000 000 €Takumi Minamino
41%
4016/17Real MadridParis SG25 000 000 €Jesé
40%
6320/21AC MilanOlympique Lyonnais20 000 000 €Lucas Paqueta
40%
9116/17Manchester UnitedOlympique Lyonnais16 000 000 €Memphis Depay
39%
2100/01Real MadridParis SG34 500 000 €Nicolas Anelka
39%
4115/16AS MonacoParis SG25 000 000 €Layvin Kurzawa
37%
2916/17SL BenficaParis SG30 000 000 €Goncalo Guedes
36%
8223/24Sheffield UnitedOlympique Marseille17 000 000 €Iliman Ndiaye
36%
4509/10FC PortoOlympique Lyonnais24 000 000 €Lisandro Lopez
36%
6221/22CR FlamengoOlympique Marseille20 000 000 €Gerson
35%
7917/18Angers SCOLille OSC18 000 000 €Nicolas Pépé
35%
9210/11Toulouse FCOlympique Marseille16 000 000 €André-Pierre Gignac
34%
7218/19RB SalzbourgOlympique Marseille19 000 000 €Duje Caleta-Car
33%
4819/20RSC CharleroiLille OSC22 400 000 €Victor Osimhen
33%
4313/14Newcastle UnitedParis SG25 000 000 €Yohan Cabaye
33%
2319/20Borussia DortmundParis SG32 000 000 €Abdou Diallo
32%
8921/22FC PortoParis SG16 000 000 €Danilo Pereira
32%
5819/20Ajax AmsterdamOGC Nice20 500 000 €Kasper Dolberg
32%
3416/17FC SévilleParis SG27 500 000 €Grzegorz Krychowiak
31%
7619/20Girondins deBordeauxAS Monaco18 000 000 €Aurélien Tchouaméni
30%
6419/20Atlético ParanaenseOlympique Lyonnais20 000 000 €Bruno Guimaraes
30%
5022/23AS MonacoOGC Nice22 000 000 €Sofiane Diop
30%
8119/20TrabzonsporLille OSC17 500 000 €Yusuf Yazici
29%
7099/00FC BarceloneOlympique Lyonnais19 000 000 €Sonny Anderson
28%
7122/23FC BologneStade Rennais FC19 000 000 €Arthur Theate
27%
4419/20UC SampdoriaOlympique Lyonnais24 000 000 €Joachim Andersen
27%
4213/14FC PortoAS Monaco25 000 000 €Joao Moutinho
27%
8517/18FC MetzStade Rennais FC17 000 000 €Ismaïla Sarr
26%
5519/20Sporting CPStade Rennais FC21 000 000 €Raphinha
25%
3917/18RSC AnderlechtAS Monaco25 000 000 €Youri Tielemans
25%
7423/24Atalanta BCOGC Nice18 000 000 €Jérémie Boga
24%
8009/10Lille OSCOlympique Lyonnais18 000 000 €Michel Bastos
24%
9017/18Real SociedadParis SG16 000 000 €Yuri Berchiche
24%
7719/20FC SévilleParis SG18 000 000 €Pablo Sarabia
23%
3323/24Stade de ReimsParis SG28 500 000 €Hugo Etikité
22%
7309/10FC PortoOlympique Marseille19 000 000 €Lucho Gonzalez
22%
8321/22AZ AlkmaarAS Monaco17 000 000 €Myron Boadu
21%
2519/20Atlético MadridAS Monaco30 000 000 €Gelson Martins
20%
2817/18Lazio RomeAS Monaco30 000 000 €Keita Baldé
20%
6718/19Olympique LyonnaisAS Monaco20 000 000 €Willem Geubbels
19%
9623/24FC CopenhagueLille OSC15 000 000 €Hakon Arnar Haraldsson
18%
9723/24SouthamptonAS Monaco15 000 000 €Mohammed Salisu
18%
6813/14FC SévilleAS Monaco20 000 000 €Geoffrey Kondogbia
17%
8421/22RC LensStade Rennais FC17 000 000 €Loïc Badé
16%
5717/18Genoa CFCAS Monaco20 900 000 €Pietro Pellegri
15%
8607/08Lille OSCOlympique Lyonnais16 800 000 €Abdul Kader Keita
14%
9405/06Cruzeiro ECOlympique Lyonnais15 600 000 €Fred
14%
7819/20Deportivo AlavesAS Monaco18 000 000 €Guillermo Maripan
14%
8720/21FC BrugesAS Monaco16 700 000 €Krépin Diatta
12%
9510/11OGC NiceOlympique Marseille15 500 000 €Loïc Rémy
12%
5923/24FC BrugesRacing Club Strasbourg Alsace20 000 000 €Abakar Sylla
11%
6618/19Bayer LeverkusenAS Monaco20 000 000 €Benjamin Henrichs
10%
6900/01Stade Rennais FCAS Monaco20 000 000 €Shabani Nonda
10%
8809/10FC PortoOlympique Lyonnais16 200 000 €Aly Cissokho
8%

Distribution des résultats

Percentile par nombre de réponses

% des personnes avec chaque résultat

Votre développement - résultats

Vous n’avez pas pris ce quiz depuis la dernière actualisation